000 00439 a2200157 4500
005 20250613072648.0
020 _a978-0-07-305191-8
082 _a515HOF
100 _aHOFFMANN. D. L
245 _aCalculus ; For Business Economics and the social and Life Sciences
250 _a9th Ed,
260 _aUSA,
_bNew York,
_c2007.
300 _axxx, 750p, ill, table, figure, picture
_bIndex
_c27cm
700 _aBRADLEY. L. G
942 _2ddc
_cBKS
999 _c3935
_d3935